000 00298nam a2200121Ia 4500
008 241002s9999 xx 000 0 und d
082 _a362.1 HUX
100 _aHuxley, Julian
245 0 _aScientific Research and Social Needs
260 _aLondon:
_cN/A
600 _aSocial Sciences
942 _cUC
999 _c18551
_d18551